Seeds of revolt ; a study of American life and the temper of the American people during the depression.

Bibliographic Details
Main Author: Hallgren, Mauritz Alfred, 1899-
Format: Book
Language:English
Published: New York : A. A. Knopf, 1933.
Subjects:

MARC

Tag First Indicator Second Indicator Subfields
LEADER 00000cam a2200000 4500
001 in00000058330
005 20151008051525.0
008 720703s1933 nyu 00000 eng u
010 |a  33024354  
035 |a (OCoLC)00347658 
035 |9 AAG8450AM 
040 |c CSU  |d TXA  |d UtOrBLW 
049 |a TXAM  |c [54276] 
050 0 |a HC106.3  |b .H23 
092 |a 330.973  |b H187s 
100 1 |a Hallgren, Mauritz Alfred,  |d 1899- 
245 1 0 |a Seeds of revolt ;  |b a study of American life and the temper of the American people during the depression. 
264 1 |a New York :  |b A. A. Knopf,  |c 1933. 
300 |a 5 preliminary leaves, 3-369, xix, [l]pages ;  |c 19cm. 
336 |a text  |b txt  |2 rdacontent 
337 |a unmediated  |b n  |2 rdamedia 
338 |a volume  |b nc  |2 rdacarrier 
500 |a At head of title: Mauritz A. Hallgren. 
500 |a "First edition." 
650 0 |a Unemployed  |z United States. 
650 0 |a Poor  |z United States. 
650 0 |a Communism  |z United States. 
651 0 |a United States  |x Economic conditions  |y 1918-1945. 
651 0 |a United States  |x Social conditions. 
999 |a MARS 
999 f f |s 96485f97-6e80-3ad7-a869-1f7c8b8ec4de  |i 1a4aa92a-2b4e-3868-93bb-b234154b2fe2  |t 0 
952 f f |p ric  |a Texas A&M University  |b Rellis Campus  |c Joint Library Facility  |d Remote Storage  |t 0  |e HC106.3 .H23  |h Library of Congress classification  |i unmediated -- volume  |m A14800707439 
998 f f |a HC106.3 .H23  |t 0  |l Remote Storage